01586nam a2200337 a 4500001001000000003000500010005001700015008004100032010001100073011001100084040000900095090001000104100004200114245014900156260004100305500006000346502013100406590004000537590004000577650007000617650006100687650006000748650005200808856007000860901000700930942001000937942000600947999001900953952013600972952014001108000112983CHAP20250613132358.0170307s2016 mx sm |||||||spa d a109444 a110416 cCHAP aTesis1 aLuquez Gaitan, Carlos Ernesto913167510aAnálisis de la cadena de valor de la producción de piña en Ticuantepe, Managua, Nicaraguah[En línea]cpor Carlos Ernesto Luquez Gaitan. aChapingo, Méx. :bEl autor,c2016. aPara ver el contenido del material haga clic en la liga aTesis (M.C. en Economía Agrícola y de los Recursos Naturales ) -- UACH. División de Ciencias Económico Administrativas aE5765TAJb05c20170307lUCH01h1124 aE5765TAJb05c20170307lUCH01h112412aPiña (Ananas comosus)xAspectos económicoszNicaragua913167812aPiña (Ananas comosus)xProducciónzNicaragua913167612aPiña (Ananas comosus)xRendimientozNicaragua913167712aPiña (Ananas comosus)zRedes de valor9131679 aFinding aiduhttp://10.13.5.2/tesis/sist112983.pdfzTeclea aquí aBK cTESIS n0 c109444d109444 00104054718TESISaBCbBCd2017-03-07fTESISl0oTesisp33724002528199r2019-12-31 00:00:00w2019-12-31yTESISzRecien adquirido 00102local4053708TESISaBCbBCcPA_TESISd2017-03-07fTESISl0oTesisp33724002528231r2019-12-31 00:00:00tc.2w2019-12-31yTESIS